00767nam a22001697a 4500003000900000008004100009040007100050082002200121110003400143245008600177260007800263300003600341505014800377650002700525650001100552710003400563AR-CdUCM190429b ||||| |||| 00| 0 spa d aMUNICIPALIDAD PROVINCIAL DEL CUSCOcBIBLIOTECA MUNICIPAL DEL CUSCO a910 /bZ42 / 1917 aMinisterio de Guerra y Marina aMemoria del viaje de estudios dirigido por el Teniente Coronel D. Isaac Zapater / aLima :bImpr. Lit. y Libr. del Estado Mayor General del Ejército,c1917 a324 páginas ;bMapas,c32 cm. aContenido: Proyecto del viaje: su organización y preparación -- Descripción general del camino -- Datos estadísticos, planos y croquis. aDescripciones y viajes aPerú aMinisterio de Guerra y Marina